Kleinste deutsche Städte mit Professioneller Fußballmannschaft - Statistiken

Allgemein
  • Dieses Quiz wurde 606 mal gespielt
    351 seit der letzten Aktualisierung
  • Das Durchschnittsergebnis liegt bei 15 aus 30
Antwortstatistiken
Liga Bevölkerung Verein Antwort % Korrekt
Derzeit in 1. Bundesliga 50.0k 1. FC Heidenheim Heidenheim an der Brenz
90%
Derzeit in 1. oder 2. Bundesliga 50.0k 1. FC Heidenheim Heidenheim an der Brenz
90%
Jemals 1. Bundesliga 50.0k 1. FC Heidenheim Heidenheim an der Brenz
90%
Derzeit in 1. Bundesliga 36.6k TSG 1899 Hoffenheim Sinsheim
82%
Derzeit in 1. oder 2. Bundesliga 36.6k TSG 1899 Hoffenheim Sinsheim
82%
Jemals 1. Bundesliga 36.6k TSG 1899 Hoffenheim Sinsheim
82%
Derzeit in 1. oder 2. Bundesliga 12.8k SV Elversberg Spiesen-Elversberg
74%
Derzeit in 1. oder 2. Bundesliga oder 3. Liga 12.8k SV Elversberg Spiesen-Elversberg
74%
Jemals 1. oder 2. Bundesliga 12.8k SV Elversberg Spiesen-Elversberg
74%
Jemals 1. oder 2. Bundesliga oder 3. Liga 12.8k SV Elversberg Spiesen-Elversberg
74%
Derzeit in 1. Bundesliga 126k VfL Wolfsburg Wolfsburg
61%
Derzeit in 1. oder 2. Bundesliga 124k VfL Wolfsburg Wolfsburg
61%
Derzeit in 1. Bundesliga 166k Bayer 04 Leverkusen Leverkusen
53%
Derzeit in 1. Bundesliga 217k 1. FSV Mainz 05 Mainz
53%
Derzeit in 1. oder 2. Bundesliga oder 3. Liga 25.5k SC Verl Verl
47%
Derzeit in 1. oder 2. Bundesliga oder 3. Liga 15.5k SV Sandhausen Sandhausen
46%
Jemals 1. oder 2. Bundesliga 15.5k SV Sandhausen Sandhausen
46%
Jemals 1. oder 2. Bundesliga oder 3. Liga 15.5k SV Sandhausen Sandhausen
46%
Derzeit in 1. oder 2. Bundesliga oder 3. Liga 25.9k SpVgg Unterhaching Unterhaching
46%
Jemals 1. Bundesliga 25.9k SpVgg Unterhaching Unterhaching
46%
Derzeit in 1. oder 2. Bundesliga 99.3k 1. FC Kaiserslautern Kaiserslautern
43%
Jemals 1. Bundesliga 42.3k FC 08 Homburg Homburg
37%
Derzeit in 1. oder 2. Bundesliga oder 3. Liga 19.9k FC Erzgebirge Aue Aue-Bad Schlema
34%
Jemals 1. Bundesliga 46.9k Borussia Neunkirchen Neunkirchen
32%
Jemals 1. oder 2. Bundesliga oder 3. Liga 8297 SG Sonnenhof Großaspach Aspach (bei Backnang)
23%
Jemals 1. oder 2. Bundesliga 19.4k Wacker Burghausen Burghausen
12%
Jemals 1. oder 2. Bundesliga oder 3. Liga 14.3k Sportfreunde Lotte Lotte (Westfalen)
12%
Jemals 1. oder 2. Bundesliga 2456 FSV Salmrohr Salmtal
6%
Jemals 1. oder 2. Bundesliga oder 3. Liga 2456 FSV Salmrohr Salmtal
6%
Jemals 1. oder 2. Bundesliga 16.7k VfR Bürstadt Bürstadt
4%
Keine übereinstimmenden Quizze gefunden
Verteilung der Resultate
Anzahl Personen mit jedem Resultat
Perzentil nach korrekt beantworteten Fragen
Ihre Resultats-Entwicklung
Sie haben dieses Quiz seit der letzten Aktualisierung nicht gespielt